|
|
|
|
| LEADER |
00000nam a22000005a 4500 |
| 001 |
vtls010299579 |
| 003 |
SK-MaSNL |
| 005 |
20260302011856.0 |
| 008 |
220720s2011 xo dol f 100 0 slo |
| 015 |
|
|
|a SNBA2011/09-05005
|
| 020 |
|
|
|a 9788097059514
|q (brož.)
|
| 035 |
|
|
|a fa29c150-2a5e-4f35-93fe-aefda6afb622
|
| 035 |
|
|
|a urn:nbn:sk:snk-amjtlt
|
| 035 |
|
|
|a urn:nbn:sk:snk:ar-a0c88b
|
| 040 |
|
|
|a SNK
|b slo
|c SNK
|e AACR2
|
| 041 |
0 |
|
|a slo
|b slo
|
| 044 |
|
|
|a xo
|c SK
|
| 072 |
|
7 |
|a 624
|x Stavebné inžinierstvo
|2 konspekt
|
| 080 |
|
|
|a 624.9
|2 2001
|
| 080 |
|
|
|a 624.01/.07
|2 2001
|
| 080 |
|
|
|a (062.534)
|2 2001
|
| 080 |
|
|
|a 69.059.4
|2 2001
|
| 080 |
|
|
|a 728
|2 2001
|
| 080 |
|
|
|a 69.059.25
|2 2001
|
| 111 |
2 |
|
|a Teória a konštrukcie pozemných stavieb
|n (18. :
|d 2011 :
|c Bratislava, Slovensko)
|4 aut
|9 165974
|
| 245 |
1 |
0 |
|a Kvalita a životnosť bytových domov
|b 18. konferencia Teória a konštrukcie pozemných stavieb : zborník konferencie : 30. marca 2011 : CONECO 2011, Bratislava
|
| 250 |
|
|
|a 1. vyd.
|
| 260 |
|
|
|a [Banská Bystrica]
|b BB print
|c 2011
|
| 300 |
|
|
|a 83 s.
|b fotogr., grafy, sch., tab.
|c 30 cm
|e 1 brož.
|
| 366 |
|
|
|e 100 kusov
|
| 500 |
|
|
|a Miesto vyd. podľa ISBN
|
| 500 |
|
|
|a Príloha: Pozvánka na 18. konferenciu
|
| 504 |
|
|
|a Bibliogr. odkazy. Pozn.
|
| 546 |
|
|
|a Res. slov.
|
| 650 |
0 |
7 |
|a pozemné stavby
|2 SNKPH
|9 1612
|
| 650 |
0 |
7 |
|a stavebné konštrukcie
|2 SNKPH
|9 3695
|
| 650 |
0 |
7 |
|a Building construction
|2 SNKPHeng
|9 325151
|
| 650 |
0 |
7 |
|a Structures
|2 SNKPHeng
|9 267357
|
| 650 |
0 |
7 |
|a Life of buildings
|2 SNKPHeng
|9 420144
|
| 650 |
0 |
7 |
|a životnosť stavieb
|2 SNKPH
|9 51432
|
| 650 |
0 |
7 |
|a Dwelling-houses
|2 SNKPHeng
|9 302993
|
| 650 |
0 |
7 |
|a Building renewal
|2 SNKPHeng
|9 342195
|
| 650 |
0 |
7 |
|a obytné domy
|2 SNKPH
|9 66500
|
| 650 |
0 |
7 |
|a revitalizácia budov
|2 SNKPH
|9 134976
|
| 655 |
|
7 |
|a zborníky konferencií
|2 SNKPH
|9 70153
|
| 655 |
|
7 |
|a Proceedings of conferences
|2 SNKPHeng
|9 265791
|
| 655 |
|
7 |
|a issue_zb
|2 SNK
|9 276493
|
| 711 |
2 |
|
|a Coneco
|d (2011 :
|c Bratislava, Slovensko)
|4 aut
|9 652979
|
| 919 |
|
|
|a 978-80-970595-1-4
|
| 954 |
|
|
|a odborná, vedecká literatúra pôvodná (slovenská)
|2 lita
|
| 958 |
|
|
|a OND
|
| 958 |
|
|
|a ART
|
| 958 |
|
|
|a NB
|
| 999 |
|
|
|c 1007669
|d 1009599
|
| 952 |
|
|
|a SNK
|b SNK
|y VYP
|7 0
|p 17A0716216
|o snkSB 81882 D1
|i snk2011/17188
|8 0
|3 Príloha: 1 brož. (pozvánka)
|0 0
|1 0
|4 0
|d 2011-08-10
|l 0
|r 2016-06-30 00:00:00
|w 2026-02-24
|
| 952 |
|
|
|a SNK
|b SNK
|y PREZ
|7 0
|p 17A0716214
|o snkSB 81882
|i snk2011/17187
|8 0
|3 Príloha: 1 brož. (pozvánka)
|0 0
|1 0
|4 0
|d 2011-08-10
|f 1
|l 0
|r 2025-05-05 00:00:00
|w 2026-02-24
|
| 952 |
|
|
|a SNK
|b SNK
|y PREZ
|7 0
|p 17A0716215
|o snkSB 81882/príl.
|i snk2011/17187
|8 0
|3 Príloha: 1 brož. (pozvánka)
|z Príloha
|0 0
|1 0
|4 0
|d 2011-08-10
|l 0
|r 2025-05-05 00:00:00
|w 2026-02-24
|
| 952 |
|
|
|a SNK
|b SNK
|y NEVYP
|7 0
|p 17A0716217
|o snkSB 81882/príl. D1
|i snk2011/17188
|8 0
|3 Príloha: 1 brož. (pozvánka)
|z Príloha
|0 0
|1 0
|4 0
|d 2011-08-10
|l 0
|r 2016-06-30 00:00:00
|w 2026-02-24
|